Jak się uprę, to jadę po bandzie

Titel: Jak się uprę, to jadę po bandzie / Tomasz Terlikowski ; rozmawiali Mariusz Czaja, Michał Wilk
Verfasser:
Beteiligt: ;
Veröffentlicht: Kraków : Wydawn. eSPe, 2014
Umfang: 148 S. ; 20 cm
Format: Buch
Sprache: Polnisch
ISBN: 8374826258 ; 9788374826259
Buchumschlag
X
alg: 36369545
001A    $03004:03-09-15 
001B    $01999:24-06-16 $t15:50:22.000 
001C    $03004:23-12-15 $t13:29:30.000 
001D    $03004:23-12-15 
001U    $0utf8 
001X    $00 
002@    $0Aau 
003@    $0363695451 
004A    $083-7482-625-8 
004A    $A978-83-7482-625-9 
007A    $0363695451 $aHEB 
007G    $0DE020816738A372C1F4BBC1257F3F00339841 
009P    $qapplication/pdf $A2 $3Inhaltsverzeichnis $uhttp://scans.hebis.de/HEBCGI/show.pl?36369545_toc.pdf $mV:DE-603;B:DE-Mb50 
010@    $apol 
011@    $a2014 
021A    $a@Jak się uprę, to jadę po bandzie $hTomasz Terlikowski ; rozmawiali Mariusz Czaja, Michał Wilk 
028A    $#Terlikowski, Tomasz $#Terlikowski, Tomasz Piotr $713365852X $8Terlikowski, Tomasz P.$Z1974- [Tp1] $9192324756 
028B/01 $7 $8Czaja, Mariusz [Tn3] $9368128113 
028B/02 $7 $8Wilk, Michał [Tn3] $9368128083 
033A    $pKraków $nWydawn. eSPe 
034D    $a148 S. 
034I    $a20 cm 
044A    $aDziennikarze $S4 $yod 1989 r $zPolska 
044A    $aKościół katolicki $S4 $y21 w $zPolska 

lok: 36369545 24

exp: 36369545 24 1 #EPN
201B/01 $023-12-15 $t13:30:26.000 
201C/01 $003-09-15 
201U/01 $0utf8 
203@/01 $0759020019 
208@/01 $a18-12-15 $bz 
209A/01 $a15.09755 $du $f050 $h15 09755 $x00 
209C/01 $a15.09755 K $h15 09755 K 
209G/01 $a73699878 $x00 
220C/01 $awal 
244Z/01 $#Terlikowski, Tomasz $#Terlikowski, Tomasz Piotr $713365852X $8--Tp1--Terlikowski, Tomasz P.$Z1974- $x01 $9192324756 
247C/01 $8358050-7 Marburg, Bibliothek des Herder-Instituts Marburg $9102600961
LEADER 00000cam a2200000 c 4500
001 363695451
003 DE-603
005 20160624155022.0
007 tu
008 150903s2014 xx |||| | u00||u|pol c
020 |a 8374826258 
020 |a 9788374826259 
035 |a (DE-599)HEB363695451 
040 |a DE-603  |b ger  |c DE-603  |d DE-603 
041 |a pol 
100 1 |a Terlikowski, Tomasz P.  |d 1974-  |0 (DE-603)192324756  |0 (DE-588)13365852X  |2 gnd 
245 0 0 |a Jak się uprę, to jadę po bandzie  |c Tomasz Terlikowski ; rozmawiali Mariusz Czaja, Michał Wilk 
264 1 |a Kraków  |b Wydawn. eSPe  |c 2014 
300 |a 148 S.  |c 20 cm 
700 1 |a Czaja, Mariusz  |0 (DE-603)368128113 
700 1 |a Wilk, Michał  |0 (DE-603)368128083 
856 4 2 |m V:DE-603;B:DE-Mb50  |q application/pdf  |u http://scans.hebis.de/HEBCGI/show.pl?36369545_toc.pdf  |3 Inhaltsverzeichnis 
924 0 |9 Mb 50  |a (DE-603)759020019  |b DE-Mb50  |c HES  |d c  |g 15.09755